000 00228nam a2200097Ia 4500
008 170619s9999 xx 000 0 und d
100 _aNair- Somanathan
245 0 _aLinear Integrated Circuits
260 _bWiley-India
260 _c2009
546 _aENGLISH
999 _c20452
_d20452